Empire and Islam (Record no. 8105)

MARC details
000 -LEADER
fixed length control field 00646nam a2200241 a 4500
020 ## - INTERNATIONAL STANDARD BOOK NUMBER
ISBN 0193568
082 00 - DEWEY DECIMAL CLASSIFICATION NUMBER
Classification number 954.91
Author Cutter GIL
100 ## - MAIN ENTRY--AUTHOR NAME
Author name Gilmartin, David
245 ## - TITLE STATEMENT
Title Empire and Islam
Sub title Punjab and the Making of Pakistan
260 ## - PUBLICATION, DISTRIBUTION, ETC. (IMPRINT)
Place of publication Londan
Name of publisher Oxford University Press
Year of publication 1988
300 ## - PHYSICAL DESCRIPTION
Number of Pages 258p
500 ## - GENERAL NOTE
General note includes index and biblioraphy
505 2# - FORMATTED CONTENTS NOTE
Formatted contents note Glossary, Bibliography, Index
650 ## - SUBJECT ADDED ENTRY--TOPICAL TERM
Topical Term Pakistan-History
942 ## - ADDED ENTRY ELEMENTS (KOHA)
Koha item type Books
700 1# -
-- Gilmartin, David
Holdings
Collection code Home library Current library Date acquired Cost, normal purchase price Full call number Accession Number Koha item type
  Henry Martyn Institute Library Henry Martyn Institute Library 04/12/2007 180.00 954.91 GIL 013577 Books
                   Copyright © 2026 | Henry Martyn Institute | Hyderabad | TS-500052 | INDIA | Implemented by hmi.edu.in
Hit-Count:

Powered by Koha